00218 a2200109 4500001000700000020000600007040001100013100002400024240002800048245002300076362000900099174779 a  cMagnum aAlbergaria, Lino de10aA mao do encantadolpor10aA mao do encantado0 a1899